[Event "Match"]
[Site "www.echecsemail.com"]
[Date "2017.12.19"]
[Round "1"]
[White "Lcbunghai"]
[Black "Jjmcbride"]
[WhiteElo "1960"]
[BlackElo "1690"]
[Result "1-0"]
[Round "1"]
1.d4 e6
2.e4 c5
3.Ng1f3 h6
4.c4 a6
5.Nb1c3 Ng8f6
6.d5 d6
7.h3 e5
8.Bf1e2 Nf6h5
9.Nf3xe5 dxe5
10.Be2xh5 Bf8e7
11.O-O Be7g5
12.Bc1xg5 Qd8xg5
13.Bh5g4 Bc8xg4
14.Qd1xg4 Nb8d7
15.Qg4xg5  { time }
1-0

[Event "Match"]
[Site "www.echecsemail.com"]
[Date "2017.12.19"]
[Round "1"]
[White "Ssharp"]
[Black "Bojan"]
[WhiteElo "2250"]
[BlackElo "2060"]
[Result "1-0"]
[Round "1"]
1.e4 e5
2.d4 exd4
3.c3 dxc3
4.Bf1c4 Qd8f6
5.Nb1xc3 c6
6.Ng1f3 d6
7.Bc1g5 Qf6g6
8.h4 Qg6h5
9.Qd1b3 b6
10.O-O-O Bf8e7
11.Bg5xe7 Kxe7
12.e5 Qh5h6
13.Kb1 Bc8e6
14.exd6 Kd7
15.Nf3e5 Ke8
16.Ne5xf7 Qh6g6
17.Ka1 Kxf7
18.d7 Nb8xd7
19.Rd1xd7 Ng8e7
20.Rh1e1 Rh8e8
21.Re1xe6 { resign }
1-0

[Event "Match"]
[Site "www.echecsemail.com"]
[Date "2017.12.19"]
[Round "1"]
[White "Gambitmiau"]
[Black "Ditto"]
[WhiteElo "1980"]
[BlackElo "1930"]
[Result "0-1"]
[Round "1"]
1.e4 e5
2.d4 exd4
3.c3 dxc3
4.Bf1c4 cxb2
5.Qd1f3 bxc1Q
6.Ke2 Ng8f6
7.Qf3b3 Qd8e7
8.f3 Qe7c5
9.Bc4xf7 Kd8
10.Qb3d3 Qc1b2
{ resign }
0-1

[Event "Match"]
[Site "www.echecsemail.com"]
[Date "2017.12.19"]
[Round "1"]
[White "Apdash"]
[Black "Emmanuel69"]
[WhiteElo "2310"]
[BlackElo "1970"]
[Result "1-0"]
[Round "1"]
1.e4 c6
2.d4 d5
3.exd5 cxd5
4.Ng1f3 Ng8f6
5.c4 e6
6.Nb1c3 dxc4
7.Bf1xc4 a6
8.O-O Bf8e7
9.Rf1e1 O-O
10.Nf3e5 Nb8d7
11.Qd1c2 Rf8e8
12.Bc1g5 h6
13.Bg5d2 Be7f8
14.Re1e3 Nd7xe5
15.dxe5 Nf6d7
16.Ra1d1 g6
17.Re3h3 Kh7
18.Nc3e4 Bf8g7
19.Bd2g5 Qd8c7
20.Qc2d2 h5
21.Ne4d6 Re8f8
22.Bg5e7 Kg8
23.Be7xf8 Kxf8
24.f4 Ke7
25.Rh3d3 b5
26.Nd6xc8 Qc7xc8
27.Rd3xd7 Ke8
28.Bc4b3 Bg7f8
29.Qd2d3 Bf8e7
30.Bb3xe6 fxe6
31.Qd3xg6 Kf8
32.Qg6h6 { resign }
1-0

[Event "Fast Game"]
[Site "www.echecsemail.com"]
[Date "2017.12.19"]
[Round "1"]
[White "Rosario"]
[Black "Pellix84"]
[WhiteElo "1599"]
[BlackElo "1660"]
[Result "0-1"]
[Round "1"]
1.d4 Ng8f6
2.f3 d5
3.Nb1c3 e6
4.g3 b6
5.g4 h6
6.a3 Bc8b7
7.Bf1g2 Bf8d6
8.Ng1h3 Nb8d7
9.O-O c6
 { time }
0-1

[Event "Tourn. n9645"]
[Site "www.chess-mail.com"]
[Date "2017.12.20"]
[Round "1"]
[White "Falcoale"]
[Black "Claymil"]
[WhiteElo "1820"]
[BlackElo "2030"]
[Result "1-0"]
[Round "1"]
1.e4 d6
2.d4 g6
3.Bf1d3 Bf8g7
4.Ng1f3 Ng8f6
5.O-O b6
6.c3 Bc8b7
7.e5 dxe5
8.Nf3xe5 Nb8d7
9.Rf1e1 O-O
10.Bc1g5 h6
11.Bg5h4 Ra8c8
12.Qd1e2 Rf8e8
13.Nb1a3 c5
14.dxc5 Nd7xc5
15.Bd3b5 Nc5d7
16.Ra1d1 g5
17.Ne5xd7 { resign }
1-0

[Event "Tourn. n9654"]
[Site "www.chess-mail.com"]
[Date "2017.12.20"]
[Round "1"]
[White "Aniruddhadg"]
[Black "Bojan"]
[WhiteElo "2039"]
[BlackElo "2060"]
[Result "1-0"]
[Round "1"]
1.Ng1f3 Nb8c6
2.d4 d5
3.c4 g6
4.cxd5 Qd8xd5
5.Nb1c3 Qd5d8
6.d5 Nc6b8
7.Bc1f4 Bf8g7
8.e4 a6
9.Qd1a4 Bc8d7
10.Qa4b3 b6
11.Bf1e2 Ng8f6
12.e5 Nf6h5
13.Bf4e3 Bg7f8
14.e6 fxe6
15.dxe6 Bd7c6
16.Ra1d1 Qd8c8
17.Nf3g5 Qc8b7
18.Ng5f7 Nb8d7
19.exd7 Bc6xd7
20.Rd1xd7 Kxd7
21.Be2g4 Ke8
22.Nf7xh8 Bf8g7
23.Qb3f7 { resign }
1-0

[Event "Tourn. n9585"]
[Site "www.chess-mail.com"]
[Date "2017.12.20"]
[Round "1"]
[White "Passaroa25"]
[Black "Dussek"]
[WhiteElo "1670"]
[BlackElo "1820"]
[Result "0-1"]
[Round "1"]
1.f3 e5
2.e4 Nb8c6
3.c3 Ng8f6
4.d3 Bf8e7
5.Ng1e2 O-O
6.Ne2g3 Rf8e8
7.Ng3f5 Be7f8
8.Nb1d2 g6
9.Nf5e3 Bf8h6
10.Ne3g4 Nf6xg4
11.fxg4 d5
12.Bf1e2 d4
13.Nd2f3 Bh6g7
14.Bc1g5 f6
15.Bg5d2 Bc8xg4
16.O-O Nc6e7
17.h3 Bg4h5
18.Qd1b3 Kh8
19.c4 b6
20.Ra1e1 Bh5xf3
21.Be2xf3 Ne7c6
22.Re1d1 Bg7f8
23.g4 g5
24.Kg2 a5
25.Qb3a4 Nc6b4
26.Rd1c1 Nb4xd3
27.Rc1c2 Ra8c8
28.b3 Nd3c5
29.Qa4a3 Nc5d3
30.Kg1 Bf8xa3
31.Bf3e2 Nd3b4
32.Be2d3 Nb4xc2
33.Bd3xc2 Re8f8
34.Bd2e1 d3
35.Bc2b1 d2
36.Be1xd2 Qd8xd2
37.Kh1 Qd2e3
38.Rf1g1 Ba3c5
39.Rg1d1 Qe3f3
40.Kh2 Qf3xd1
{ resign }
0-1

[Event "Tourn. n9572"]
[Site "www.chess-mail.com"]
[Date "2017.12.20"]
[Round "1"]
[White "Piriot"]
[Black "Rons"]
[WhiteElo "2480"]
[BlackElo "2640"]
[Result "0-1"]
[Round "1"]
1.Ng1f3 Ng8f6
2.d4 g6
3.Bc1f4 Bf8g7
4.e3 O-O
5.h3 d6
6.Bf1e2 c5
7.O-O Nf6d5
8.Bf4g3 Qd8b6
9.Nb1c3 Nd5xc3
10.bxc3 Nb8d7
11.Ra1b1 Qb6a5
12.Qd1d2 Qa5xa2
13.Rb1a1 Qa2d5
14.c4 Qd5c6
15.d5 Qc6c7
16.Ra1a3 b6
17.Rf1e1 Rf8e8
18.e4 a5
19.Bg3f4 Bc8b7
20.Be2d1 e6
21.dxe6 Re8xe6
22.Nf3g5 Re6f6
23.Bd1e2 h6
24.Ng5f3 g5
25.Bf4g3 Rf6e6
26.Be2d3 Ra8e8
27.Re1b1 Bb7xe4
28.Bd3xe4 Re6xe4
29.Rb1e1 Re4xe1
30.Nf3xe1 Nd7f6
31.f3 Nf6h5
32.Bg3h2 Qc7e7
33.Ne1d3 Qe7e6
34.Ra3b3 Qe6xc4
35.Rb3xb6 a4
{ resign }
0-1

[Event "Tourn. n9585"]
[Site "www.chess-mail.com"]
[Date "2017.12.20"]
[Round "1"]
[White "Passaroa25"]
[Black "Osopanda"]
[WhiteElo "1670"]
[BlackElo "1650"]
[Result "0-1"]
[Round "1"]
1.e4 e5
2.Ng1e2 Ng8f6
3.Ne2g3 d6
4.d3 Bf8e7
5.f3 O-O
6.Nb1d2 c6
7.c3 Bc8e6
8.b3 Nb8d7
9.Bf1e2 d5
10.Bc1b2 Qd8b6
11.Ng3f5 Be6xf5
12.exf5 Rf8e8
13.c4 e4
14.g4 Qb6e3
15.Nd2f1 Qe3f4
16.Nf1g3 exf3
17.Be2xf3 Be7b4
18.Kf1 Re8e3
19.Kg2 Ra8e8
20.Qd1c2 Nd7e5
21.Bb2xe5 Qf4xf3
22.Kh3 Qf3xg4
23.Kg2 Re8xe5
24.Kf1 Re3e1
25.Ra1xe1 Qg4f3
26.Qc2f2 Re5xe1

0-1

[Event "Tourn. n9621"]
[Site "www.chess-mail.com"]
[Date "2017.12.20"]
[Round "1"]
[White "Fantomas"]
[Black "Prize64"]
[WhiteElo "2120"]
[BlackElo "2080"]
[Result "1-0"]
[Round "1"]
1.e4 c5
2.Ng1f3 Nb8c6
3.Bf1b5 Nc6a5
4.d4 cxd4
5.Nf3xd4 a6
6.Bb5d3 Na5c6
7.Nd4f3 d6
8.h3 Ng8f6
9.Nb1c3 g6
10.a3 Bf8g7
11.Bc1d2 O-O
12.Qd1e2 Nf6d7
13.O-O b5
14.b4 Bc8b7
15.Ra1b1 Ra8c8
16.Nc3d5 Nd7b6
17.Nd5xb6 Qd8xb6
18.Bd2e3 Nc6d4
19.Nf3xd4 Bg7xd4
20.Be3d2 Bd4c3
21.Bd2e3 Bc3d4
22.Rf1e1 Bd4xe3
23.Qe2xe3 Qb6xe3
24.Re1xe3 Rc8c3
25.Rb1a1 Rf8c8
26.f3 d5
27.exd5 Bb7xd5
28.Re3xe7 Bd5b3
29.Re7a7 Bb3xc2
30.Bd3xc2 Rc3xc2
31.Ra7xa6 Rc2b2
32.Kh2 Rc8c2
33.Ra1g1 Rb2a2
34.Ra6a5 Rc2b2
35.Ra5xb5 Ra2xa3
36.h4 Ra3xf3
37.h5 Rf3b3
38.hxg6 hxg6
39.Rg1f1 Rb3xb4
40.Rb5xb4 Rb2xb4
41.Rf1f3 Kg7
42.Kh3 g5
43.Rf3c3 f6
44.g4 Kg6
45.Kg3 Rb4f4
46.Rc3c6 Rf4a4
47.Rc6c3 Ra4a1
48.Kg2 Kf7
49.Rc3e3 Ra1a5
50.Kg3 Ra5e5
51.Re3f3 Ke6
52.Rf3a3 Kd5
53.Ra3f3 Kd4
54.Rf3xf6 Re5e3
55.Kf2 Re3e4
56.Kf3 Re4e3
57.Kg2 Ke4
58.Rf6f5 Re3e2
59.Kg3 Re2a2
60.Rf5xg5 Ra2a3
61.Kh4 Ra3a1
62.Rg5f5 Ra1h1
63.Kg5 { resign }
1-0

[Event "Match"]
[Site "www.echecsemail.com"]
[Date "2017.12.20"]
[Round "1"]
[White "Liencam2"]
[Black "Gidi5"]
[WhiteElo "2260"]
[BlackElo "2340"]
[Result "1-0"]
[Round "1"]
1.e4 e6
2.d4 d5
3.Nb1d2 Ng8f6
4.Bf1d3 c5
5.e5 Nf6d7
6.c3 Nb8c6
7.Ng1e2 cxd4
8.cxd4 g6
9.Nd2f3 Bf8g7
10.h4 Qd8e7
11.h5 O-O
12.h6 Bg7h8
13.Bc1e3 Qe7b4
14.Qd1d2 Qb4xd2
15.Be3xd2 a6
16.Nf3h4 Nd7b6
17.g4 Nb6c4
18.Bd2c1 Nc6b4
19.Bd3b1 Bc8d7
20.a3 Nb4c6
21.b3 Nc4xe5
22.dxe5 Nc6xe5
23.Ra1a2 Bh8f6
24.g5 Bf6e7
25.Rh1h3 Be7c5
26.Ra2c2 Rf8c8
27.Rh3c3 Bc5a7
28.Bc1f4 Rc8xc3
29.Rc2xc3 Ne5c6
30.Nh4f3 Ra8e8
31.Nf3e5 Nc6xe5
32.Bf4xe5 Bd7c6
33.f4 Ba7b8
34.Be5xb8 Re8xb8
35.Ne2d4 Rb8c8
36.Nd4xc6 Rc8xc6
37.Kd2 Kf8
38.Bb1d3 Ke7
39.Rc3xc6 { resign }
1-0

[Event "Match"]
[Site "www.echecsemail.com"]
[Date "2017.12.20"]
[Round "1"]
[White "Bjonil60"]
[Black "Apdash"]
[WhiteElo "1470"]
[BlackElo "2310"]
[Result "0-1"]
[Round "1"]
1.d4 d5
2.Ng1f3 e6
3.e3 Ng8f6
4.Qd1e2 c5
5.Nf3e5 Nb8c6
6.Qe2b5 Qd8c7
7.Qb5d3 Nc6xe5
8.Qd3e2 Ne5c6
9.b3 cxd4
10.Nb1d2 Bf8b4
11.Qe2d3 dxe3
12.fxe3 Nf6e4
13.g3 Nc6e5
14.Qd3d4 Bb4c3
15.Ra1b1 Ne5f3
16.Ke2 Nf3xd4
17.exd4 Ne4xd2
18.Bc1xd2 Bc3xd4
19.c3 Bd4f6
20.Bf1g2 Bc8d7
21.Rh1f1 Bd7b5
22.c4 dxc4
23.bxc4 Bb5xc4
24.Ke1 Qc7e5
25.Kd1 Bc4xf1
26.Bg2xf1 O-O
27.Kc2 Ra8c8
28.Kd1 Rf8d8
29.Bf1g2 Qe5c3
30.Rb1c1 Qc3xd2

0-1

[Event "Match"]
[Site "www.echecsemail.com"]
[Date "2017.12.20"]
[Round "1"]
[White "Add"]
[Black "Ericleo1980"]
[WhiteElo "2190"]
[BlackElo "2270"]
[Result "0-1"]
[Round "1"]
1.c4 c5
2.Nb1c3 Ng8f6
3.e4 d6
4.d3 a6
5.Ng1f3 Bc8g4
6.Bf1e2 e6
7.h3 Bg4xf3
8.Be2xf3 Nb8c6
9.O-O Bf8e7
10.Rf1e1 Qd8c7
11.b3 O-O
12.Bc1b2 Nf6d7
13.Nc3e2 Be7f6
14.Bb2xf6 Nd7xf6
15.Qd1d2 Nc6e5
16.Qd2e3 Qc7b6
17.Re1d1 Rf8d8
18.Ne2g3 Ne5xf3
19.Qe3xf3 Rd8d7
20.Qf3e3 Ra8d8
21.f4 Qb6c7
22.f5 b5
23.cxb5 axb5
24.a3 Rd8a8
25.Rd1c1 Qc7a7
26.b4 cxb4
27.Qe3xa7 Rd7xa7
28.Rc1b1 Ra7xa3
29.Ra1xa3 bxa3
30.Ng3e2 b4
31.Ne2c1 Ra8b8
32.Nc1b3 Nf6d7
33.fxe6 fxe6
34.d4 Nd7f6
35.e5 dxe5
36.dxe5 Nf6d5
37.Kf2 Rb8c8
{ resign }
0-1

[Event "Match"]
[Site "www.echecsemail.com"]
[Date "2017.12.20"]
[Round "1"]
[White "Pwain"]
[Black "Gidi5"]
[WhiteElo "2430"]
[BlackElo "2059"]
[Result "1-0"]
[Round "1"]
1.e4 e5
2.Ng1f3 Nb8c6
3.Bf1c4 Bf8e7
4.O-O Ng8f6
5.d4 d6
6.d5 Nc6b8
7.Bc4d3 O-O
8.c4 Nb8d7
9.Nb1c3 Nd7c5
10.Bd3c2 a5
11.h3 b6
12.Bc1e3 Nf6d7
13.a3 Bc8a6
14.b4 Ba6xc4
15.bxc5 Bc4xf1
16.cxd6 cxd6
17.Kxf1 Ra8c8
18.Nc3b5 g6
19.Nb5a7 Rc8c7
20.Na7c6 Qd8e8
21.Bc2a4 Be7f6
22.Ra1b1 Qe8a8
23.Kg1 Rc7b7
24.Qd1b3 Rf8c8
25.Ba4b5 Nd7c5
26.Qb3c2 Nc5a6
27.Nf3d2 Na6c7
28.a4 Nc7xb5
29.Rb1xb5 Qa8a6
30.Qc2b3 { resign }
1-0

[Event "Match"]
[Site "www.echecsemail.com"]
[Date "2017.12.20"]
[Round "1"]
[White "Pangloss"]
[Black "Whitekknight"]
[WhiteElo "1809"]
[BlackElo "1930"]
[Result "1-0"]
[Round "1"]
1.g4 e5
2.Bf1g2 d5
3.h3 h6
4.c4 d4
5.a3 c6
6.d3 Ng8f6
7.f4 Bf8d6
8.f5 g6
9.fxg6 fxg6
10.Ng1f3 Bc8e6
11.O-O Qd8c7
12.Nb1d2 c5
13.Nf3h4 Qc7g7
14.Nd2e4 Nf6xe4
15.Bg2xe4 Nb8c6
16.Be4xg6 Kd8
17.Bg6f5 Be6d7
18.Bf5xd7 Kxd7
19.Nh4f5 Qg7h7
20.Nf5xd6 Kxd6
21.Rf1f6 Ke7
22.Rf6xh6 Qh7g7
23.Qd1d2 Ra8g8
24.Qd2g5 Kf7
25.Qg5f5 Ke8
26.Qf5c8 Kf7
27.Qc8e6 Kf8
28.Bc1g5 Qg7xg5
29.Ra1f1 { resign }
1-0

[Event "Tourn. n9637"]
[Site "www.chess-mail.com"]
[Date "2017.12.21"]
[Round "1"]
[White "Rons"]
[Black "Coolant"]
[WhiteElo "2680"]
[BlackElo "2340"]
[Result "1/2-1/2"]
[Round "1"]
1.e4 e5
2.Ng1f3 Nb8c6
3.Bf1b5 f5
4.Nb1c3 fxe4
5.Nc3xe4 Ng8f6
6.Ne4xf6 Qd8xf6
7.Qd1e2 Bf8e7
8.Bb5xc6 dxc6
9.Nf3xe5 Bc8f5
10.c3 O-O-O
11.O-O c5
12.b3 Rh8e8
13.Bc1b2 Be7d6
14.f4 Bd6xe5
15.fxe5 Re8xe5
16.Qe2f2 Bf5d3
17.Qf2xf6 gxf6
18.Rf1xf6 Re5e2
19.Rf6f2 Rd8e8
20.g4 Re2xf2
21.Kxf2 Re8e2
22.Kg3 Re2xd2
23.Bb2c1 Rd2d1
24.Bc1b2 Rd1xa1
{ draw }
1/2-1/2

[Event "Tourn. n9633"]
[Site "www.chess-mail.com"]
[Date "2017.12.21"]
[Round "1"]
[White "Begory"]
[Black "Jjmcbride"]
[WhiteElo "1500"]
[BlackElo "1700"]
[Result "1-0"]
[Round "1"]
1.d4 d5
2.Bc1f4 h6
3.Nb1c3 g5
4.Bf4g3 g4
5.e3 b6
6.Nc3b5 Nb8a6
7.Bf1e2 h5
8.h3 f5
9.hxg4 fxg4
10.Nb5c3 Na6b4
11.a3 Nb4a6
12.Be2xa6 Bc8xa6
13.f3 Ng8f6
14.fxg4  { time }
1-0

[Event "Tourn. n9641"]
[Site "www.chess-mail.com"]
[Date "2017.12.21"]
[Round "1"]
[White "Awfen"]
[Black "Tevere"]
[WhiteElo "2060"]
[BlackElo "2010"]
[Result "0-1"]
[Round "1"]
1.e4 e5
2.f4 exf4
3.Ng1f3 g5
4.d4 Bf8g7
5.Bf1c4 Qd8e7
6.O-O c5
7.d5 d6
8.c3 Bc8g4
9.Nb1d2 Ng8f6
10.Qd1e1 Bg4xf3
11.Rf1xf3 Nb8d7
12.Bc4d3 Nf6xd5
13.Nd2c4 f5
14.Nc4xd6 Qe7xd6
15.exd5 Kd8
16.c4 Nd7e5
17.Rf3h3 g4
18.Rh3xh7 Rh8xh7
19.Bd3xf5 Rh7h5
20.Bf5e4 Ne5xc4
21.b3 Bg7d4
22.Kh1 Rh5xh2
23.Kxh2 Qd6h6
{ resign }
0-1

[Event "Tourn. n9642"]
[Site "www.chess-mail.com"]
[Date "2017.12.21"]
[Round "1"]
[White "Falcoale"]
[Black "Dussek"]
[WhiteElo "1790"]
[BlackElo "1880"]
[Result "1-0"]
[Round "1"]
1.e4 c6
2.d4 d5
3.e5 Bc8f5
4.Ng1f3 e6
5.Nb1c3 Ng8e7
6.Bf1e2 Bf5g6
7.Nf3h4 Ne7f5
8.Nh4xf5 Bg6xf5
9.O-O c5
10.Bc1e3 Nb8c6
11.Be2b5 a6
12.Bb5xc6 bxc6
13.dxc5 Ra8b8
14.Nc3a4 g6
15.c3 Bf8g7
16.Be3d4 O-O
17.g4 Bf5e4
18.f3 Be4b1
19.Ra1xb1 a5
20.Na4b6 Qd8c7
21.f4 h6
22.b4 Rb8b7
23.bxa5 Rb7a7
24.Qd1a4 Rf8b8
25.Rb1b3 Bg7f8
26.Rf1b1 Bf8e7
27.Nb6xd5 cxd5
28.Rb3xb8 Kg7
29.a6 Be7xc5
30.Qa4e8 { resign }
1-0

[Event "Tourn. n9641"]
[Site "www.chess-mail.com"]
[Date "2017.12.21"]
[Round "1"]
[White "Tobernor"]
[Black "Awfen"]
[WhiteElo "2049"]
[BlackElo "2060"]
[Result "1-0"]
[Round "1"]
1.e4 Nb8c6
2.Ng1f3 e5
3.Bf1b5 d6
4.d4 Bc8d7
5.Nb1c3 exd4
6.Nf3xd4 Nc6xd4
7.Bb5xd7 Qd8xd7
8.Qd1xd4 Ng8f6
9.Bc1g5 Bf8e7
10.O-O-O O-O
11.e5 Nf6e8
12.h4 f6
13.Qd4d5 Kh8
14.Qd5xb7 Qd7c8
15.Qb7xc8 Ra8xc8
16.exf6 Be7xf6
17.Nc3d5 Bf6xg5
18.hxg5 Rf8xf2
19.Nd5e7 Rc8b8
20.Rh1xh7 Kxh7
21.Rd1h1 
1-0

[Event "Tourn. n9636"]
[Site "www.chess-mail.com"]
[Date "2017.12.21"]
[Round "1"]
[White "Apdash"]
[Black "Bojan"]
[WhiteElo "2230"]
[BlackElo "2020"]
[Result "1-0"]
[Round "1"]
1.e4 e5
2.Ng1f3 d6
3.d4 Qd8e7
4.dxe5 dxe5
5.c4 h6
6.Bf1e2 Ng8f6
7.Nb1c3 Bc8e6
8.Qd1c2 Nb8a6
9.a3 Na6c5
10.b4 Nc5d7
11.Nc3b5 Qe7d8
12.Bc1b2 c6
13.Nb5c3 b6
14.Ra1d1 Qd8c7
15.O-O Be6g4
16.Rd1d2 Bf8e7
17.Rf1d1 O-O
18.h3 Bg4h5
19.b5 Nd7c5
20.bxc6 Qc7xc6
21.Nc3d5 Be7d8
22.Nf3xe5 Qc6e6
23.Nd5xf6 Bd8xf6
24.Be2xh5 Bf6xe5
25.Bh5g4 Qe6e7
26.Bb2c1 Be5f4
27.Rd2e2 Bf4xc1
28.Qc2xc1 Rf8d8
29.Rd1d5 Ra8b8
30.Qc1d1 g6
31.e5 h5
32.Bg4f3 Nc5e6
33.Re2d2 Rd8xd5
34.cxd5 Ne6g5
35.Qd1e1 Ng5xf3
36.gxf3 Qe7xa3
37.Kg2 Qa3c5
38.e6 Qc5e7
39.Qe1e5 Rb8d8
40.Rd2c2 f6
41.Qe5e4 Kg7
42.Qe4f4 Rd8d6
43.Qf4b4 f5
44.Qb4d4 Kh7
45.Rc2c8 Rd6d8
46.Rc8xd8 Qe7xd8
47.d6 Kg8
48.e7 Qd8d7
49.Qd4f6 Qd7e8
50.d7 Qe8xd7
51.Qf6f8 { resign }
1-0

[Event "Tourn. n9613"]
[Site "www.chess-mail.com"]
[Date "2017.12.21"]
[Round "1"]
[White "Dussek"]
[Black "Cal"]
[WhiteElo "1890"]
[BlackElo "1700"]
[Result "1-0"]
[Round "1"]
1.Ng1f3 d5
2.g3 h6
3.Bf1g2 Nb8c6
4.d4 Ng8f6
5.O-O e6
6.e3 a6
7.c4 dxc4
8.Nb1c3 Bf8d6
9.e4 Bc8d7
10.e5 Nf6h7
11.exd6 cxd6
12.d5 Nc6e7
13.Bc1e3 O-O
14.Be3xh6 Ne7f5
15.Bh6d2 b5
16.Bd2f4 e5
17.Bf4d2 Nh7f6
18.Bd2g5 b4
19.Nc3e2 Nf5e7
20.Bg5xf6 gxf6
21.Nf3h4 Kg7
22.Qd1d2 Ne7g8
23.Bg2e4 Ng8h6
24.f4 f5
25.Be4g2 e4
26.Qd2xb4 Nh6g4
27.Qb4c3 f6
28.Ne2d4 e3
29.Nh4xf5 Bd7xf5
30.Nd4xf5 Kg6
31.Nf5h4 Kh5
32.Qc3xc4 a5
33.Qc4e2 Qd8b6
34.Bg2f3 Rf8g8
35.h3 Qb6d4
36.hxg4 Rg8xg4
37.Bf3xg4 Kh6
38.Nh4f5 { resign }
1-0

[Event "Tourn. n9649"]
[Site "www.chess-mail.com"]
[Date "2017.12.21"]
[Round "1"]
[White "Picifarkinca"]
[Black "Pangloss"]
[WhiteElo "1650"]
[BlackElo "2159"]
[Result "0-1"]
[Round "1"]
1.Ng1f3 d5
2.c4 d4
3.b4 f6
4.Bc1b2 e5
5.a3 a5
6.b5 c5
7.d3 Bc8e6
8.g3 Ng8h6
9.Bf1g2 Bf8d6
10.Nb1d2 O-O
11.a4 Nb8d7
12.Nd2e4 Bd6e7
13.Qd1d2 Kh8
14.O-O-O f5
15.Ne4g5 Be6g8
16.h4 Nh6g4
17.e4 dxe3
18.fxe3 Qd8c7
19.Kb1 Be7f6
20.e4 h6
21.Rh1h3 f4
22.gxf4 exf4
23.d4 Ng4e3
24.Rd1c1 Ne3xc4
25.Rc1xc4 Bg8xc4
26.e5 cxd4
27.exf6 Nd7xf6
28.Nf3xd4 Ra8d8
29.Ng5f3 Rf8e8
30.Qd2c1 Bc4d3
31.Ka1 Qc7xc1
32.Bb2xc1 Bd3e4
{ resign }
0-1

[Event "Tourn. n9591"]
[Site "www.chess-mail.com"]
[Date "2017.12.21"]
[Round "1"]
[White "Andychesston"]
[Black "Francesco"]
[WhiteElo "2070"]
[BlackElo "2160"]
[Result "1/2-1/2"]
[Round "1"]
1.e4 c6
2.d4 d5
3.Nb1c3 dxe4
4.Nc3xe4 Bc8f5
5.Ne4g3 Bf5g6
6.Ng1f3 e6
7.Nf3e5 Ng8f6
8.c3 Nb8d7
9.Bc1g5 Bf8e7
10.Ne5xg6 hxg6
11.Bf1c4 Qd8c7
12.Qd1f3 O-O-O
13.O-O-O a6
14.Bg5f4 Be7d6
15.Bf4xd6 Qc7xd6
16.Ng3e4 Nf6xe4
17.Qf3xe4 Rh8xh2
18.Rh1e1 Nd7f6
19.Qe4f3 Rd8h8
20.g3 Rh2h5
21.Re1e5 Kc7
22.Re5xh5 Rh8xh5
23.Rd1h1 Rh5xh1
24.Qf3xh1 Nf6g4
25.f4 b5
26.Bc4d3 Ng4f2
27.Qh1f1 Nf2xd3
28.Qf1xd3 c5
29.Qd3e3 cxd4
30.Qe3xd4 Qd6xd4
31.cxd4 Kd6
32.Kd2 Kd5
33.Kd3 f6
34.b4 e5
35.fxe5 fxe5
36.dxe5 Kxe5
37.Ke3 g5
38.g4 Kd5
39.Kd3 Ke5
40.Ke3 g6
41.a3 Kd5
42.Kd3 Ke5
{ draw }
1/2-1/2

[Event "Match"]
[Site "www.echecsemail.com"]
[Date "2017.12.21"]
[Round "1"]
[White "Darknight"]
[Black "Apdash"]
[WhiteElo "1780"]
[BlackElo "2310"]
[Result "0-1"]
[Round "1"]
1.e4 c5
2.Bf1c4 e6
3.a3 d5
4.exd5 exd5
5.Bc4a2 Bc8e6
6.Qd1f3 Nb8c6
7.c3 Ng8f6
8.h3 Nc6e5
9.Qf3g3 Qd8d6
10.Qg3e3 c4
11.b3 Ne5d3
12.Kd1 Nf6e4
13.bxc4 Nd3xf2
14.Kc2 Bf8e7
15.d3 Be7g5
16.Qe3f3 Bg5xc1
17.dxe4 Nf2xh1
18.Kxc1 dxc4
19.Ng1e2 O-O
20.Nb1d2 Qd6d3
21.g4 Ra8d8
22.Qf3xd3 cxd3
23.Ne2d4 Be6xa2
24.Ra1xa2 Nh1g3
25.Kb2 Ng3e2
26.Nd4b3 h5
27.g5 Ne2f4
28.h4 Nf4g6
29.Nd2f3 f6
30.Nb3d2 fxg5
31.hxg5 Rf8xf3
32.Nd2xf3 d2
33.Nf3xd2 Rd8xd2
34.Kb3 Rd2xa2
35.Kxa2 h4
{ resign }
0-1

[Event "Match"]
[Site "www.echecsemail.com"]
[Date "2017.12.21"]
[Round "1"]
[White "Apdash"]
[Black "Aperturaf"]
[WhiteElo "2230"]
[BlackElo "2630"]
[Result "0-1"]
[Round "1"]
1.d4 d5
2.Ng1f3 Ng8f6
3.c4 dxc4
4.Nb1c3 c6
5.a4 Bc8f5
6.e3 e6
7.Bf1xc4 Bf8b4
8.Bc1d2 O-O
9.O-O Nb8d7
10.Qd1b3 a5
11.Nc3a2 Bb4xd2
12.Nf3xd2 e5
13.Qb3xb7 Ra8b8
14.Qb7xc6 Rb8xb2
15.e4 Rb2b6
16.Bc4xf7 Rf8xf7
17.Qc6c4 Nf6xe4
18.Ra1d1 Rb6h6
19.Nd2f3 Bf5g4
20.Rd1d3 Ne4d6
21.Qc4d5 e4
22.Nf3e5 Nd7xe5
23.dxe5 exd3
24.exd6 Rh6xd6
25.Qd5c4 Bg4e6
{ resign }
0-1

[Event "Match"]
[Site "www.echecsemail.com"]
[Date "2017.12.21"]
[Round "1"]
[White "Darknight"]
[Black "Whitekknight"]
[WhiteElo "1810"]
[BlackElo "1930"]
[Result "0-1"]
[Round "1"]
1.e4 e5
2.Bf1c4 Ng8f6
3.d3 h6
4.g4 d6
5.g5 Nf6g8
6.h4 Bc8e6
7.Bc4xe6 fxe6
8.Qd1h5 Kd7
9.g6 Ng8f6
10.Qh5f3 Nb8c6
11.c3 Qd8e8
12.h5 Ra8d8
13.Bc1e3 Bf8e7
14.b4 Rh8f8
15.b5 Nc6a5
16.Be3xa7 b6
17.Qf3e3 Nf6g4
18.Qe3g3 Ng4xf2
19.Rh1h2 Nf2xd3
20.Qg3xd3 Rd8a8
21.Ba7xb6 cxb6
22.c4 Qe8c8
23.Rh2c2 Qc8c5
24.Ng1e2 Qc5b4
25.Nb1c3 Na5xc4
26.Ra1b1 Qb4c5
27.Nc3a4 Ra8xa4
28.Rb1c1 Qc5f2
29.Kd1 Qf2f1

0-1

[Event "Match"]
[Site "www.echecsemail.com"]
[Date "2017.12.21"]
[Round "1"]
[White "Apdash"]
[Black "Caroluigi"]
[WhiteElo "2260"]
[BlackElo "1449"]
[Result "1-0"]
[Round "1"]
1.d4 Ng8f6
2.c4 e6
3.Ng1f3 d5
4.Nb1c3 c5
5.cxd5 exd5
6.Bc1g5 Bf8e7
7.e3 c4
8.Bf1e2 Nb8c6
9.O-O O-O
10.Nf3e5 Bc8e6
11.f4 Qd8b6
12.Qd1d2 Nc6xe5
13.fxe5  { time }
1-0

[Event "Match"]
[Site "www.echecsemail.com"]
[Date "2017.12.21"]
[Round "1"]
[White "Caspito"]
[Black "Mcjhz"]
[WhiteElo "1930"]
[BlackElo "1809"]
[Result "1-0"]
[Round "1"]
1.e4 b6
2.d4 g6
3.Nb1c3 e6
4.Ng1f3 Bc8b7
5.Bf1d3 Bf8g7
6.O-O Nb8c6
7.e5 d6
8.Bc1f4  { time }
1-0

[Event "Match"]
[Site "www.echecsemail.com"]
[Date "2017.12.21"]
[Round "1"]
[White "Ranjachess"]
[Black "Rindrandria"]
[WhiteElo "1780"]
[BlackElo "1840"]
[Result "1-0"]
[Round "1"]
1.g3 d5
2.e3 Ng8f6
3.Ng1e2 e5
4.Bf1g2 a5
5.d4 Nb8a6
6.dxe5 Nf6g4
7.Qd1xd5 Na6b4
8.Qd5e4 g6
9.a3 Bc8f5
10.axb4 Bf5xe4
11.Bg2xe4 c6
12.b5 Ng4xe5
13.f4 Ne5d7
14.bxc6 bxc6
15.Be4xc6 Bf8g7
16.Ne2d4 Ra8c8
17.Bc1d2 Bg7xd4
18.Bc6xd7 Qd8xd7
19.exd4 Qd7xd4
20.Nb1c3 Rc8d8
21.O-O-O O-O
22.Rh1e1 Qd4f2
23.Nc3e4 Qf2xh2
24.Ne4f6 Kh8
25.Bd2c3 Kg7
26.Nf6g4 f6
27.Ng4xh2 h5
28.Bc3xa5 Rd8c8
29.Re1e7 Kg8
30.Ba5c7 Rf8f7
31.Bc7d6 Rf7f8
32.b4 Rc8a8
33.c4 Ra8a1
34.Kc2 Ra1a2
35.Kd3 Ra2xh2
36.Kd4 Rf8d8
37.c5 Rh2g2
38.Rd1d3 Rg2b2
39.Kc4 Rb2a2
40.c6 Kf8
41.Re7e2 Rd8xd6
42.Re2xa2 Rd6xc6
43.Kd5 Rc6c8
44.Ke6 f5
45.Ra2a7 Rc8e8
46.Kf6 Re8e4
47.Rd3d8 Re4e8
48.Ra7f7 Kg8
49.Rd8xe8 
1-0

[Event "Tourn. n9667"]
[Site "www.chess-mail.com"]
[Date "2017.12.22"]
[Round "1"]
[White "Bevittsmith"]
[Black "Bojan"]
[WhiteElo "2230"]
[BlackElo "2100"]
[Result "1-0"]
[Round "1"]
1.e4 d6
2.d4 c6
3.f4 e6
4.Ng1f3 Nb8d7
5.e5 Nd7b6
6.Bf1d3 d5
7.O-O Bf8e7
8.Qd1e2 f6
9.Bc1e3 h6
10.Nf3h4 f5
11.Qe2h5 Kd7
12.Qh5f7 Rh8h7
13.Nh4xf5 g6
14.Qf7xh7 gxf5
15.Nb1d2 Kc7
16.Rf1f3 Bc8d7
17.Rf3g3 Ra8c8
18.Rg3xg8 Qd8xg8
19.Qh7xe7 Qg8g6
20.Qe7d6 Kd8
21.Ra1f1 Qg6f7
22.Rf1f3 Rc8a8
23.Nd2b3 Nb6c8
24.Qd6b4 b6
25.Qb4e1 Nc8e7
26.Qe1h4 Kc7
27.Qh4xh6 Ra8h8
28.Qh6xh8 { resign }
1-0

[Event "Tourn. n9633"]
[Site "www.chess-mail.com"]
[Date "2017.12.22"]
[Round "1"]
[White "Caroluigi"]
[Black "Jjmcbride"]
[WhiteElo "1449"]
[BlackElo "1690"]
[Result "1-0"]
[Round "1"]
1.e4 e5
2.Ng1f3 Qd8f6
3.Bf1c4 g5
4.d4 d6
5.Bc1xg5 Qf6g6
6.O-O Bf8e7
7.Qd1d2 Nb8c6
8.Rf1e1 f6
9.Bg5h4 Bc8g4
10.Re1e3  { time }
1-0

[Event "Tourn. n9640"]
[Site "www.chess-mail.com"]
[Date "2017.12.22"]
[Round "1"]
[White "Karousek"]
[Black "Apdash"]
[WhiteElo "2170"]
[BlackElo "2190"]
[Result "1-0"]
[Round "1"]
1.e4 c5
2.Ng1f3 g6
3.d4 Bf8g7
4.Bc1e3 Nb8c6
5.Nb1c3 cxd4
6.Nf3xd4 Ng8f6
7.f3 O-O
8.Qd1d2 Nc6xd4
9.Be3xd4 e6
10.g4 d6
11.O-O-O a6
12.h4 e5
13.Bd4e3 h5
14.Be3g5 hxg4
15.h5 Qd8a5
16.hxg6 fxg6
17.Bf1c4 d5
18.Bg5xf6 Rf8xf6
19.Qd2xd5 Qa5xd5
20.Nc3xd5 Kf8
21.Nd5xf6 Bg7xf6
22.fxg4 Bc8xg4
23.Rd1g1 Bg4f3
24.Rh1h7 Bf3xe4
25.Rh7f7 Ke8
26.Rf7xf6 Ra8c8
27.Bc4b3 Be4f5
28.Rf6f7 b5
29.Rg1h1 Rc8xc2
30.Kd1 Bf5e6
31.Bb3xe6 { resign }
1-0

[Event "Tourn. n9635"]
[Site "www.chess-mail.com"]
[Date "2017.12.22"]
[Round "1"]
[White "Osopanda"]
[Black "Claymil"]
[WhiteElo "1800"]
[BlackElo "2060"]
[Result "0-1"]
[Round "1"]
1.e4 c5
2.Ng1f3 Nb8c6
3.Bf1c4 e6
4.c3 g6
5.d4 cxd4
6.cxd4 Bf8g7
7.Bc1e3 Ng8e7
8.Nb1c3 a6
9.O-O b5
10.Bc4e2 Bc8b7
11.Ra1c1 O-O
12.a3 d5
13.e5 { time. }
0-1